01259nam a22002057a 4500003001700000005001700017008004100034040000700075041001200082082001800094100001700112245002200129250000600151260002500157300002400182365006400206520070600270650003300976700004401009St Aloysius Coll20250620095840.0250620b |||||||| |||| 00| 0 eng d cAL aEnglish 223a547bWADO aLeroy G Wade aOrganic Chemistry a9 aNoidabPearsonc2023 a1572pbPBc27x22cm. 2Generala1453b₹1488.00c₹d₹1860.00e20%f17/06/2025 aOrganic Chemistry, Ninth Edition gives students a contemporary overview of organic principles and the tools for organizing and understanding reaction mechanisms and synthetic organic chemistry with unparalleled and highly refined pedagogy. This text presents key principles of organic chemistry in the context of fundamental reasoning and problem solving. Authored to complement how students use a textbook today, new Problem-Solving Strategies, Partially Solved Problems, Visual Reaction Guides and Reaction Starbursts encourage students to use the text before class as a primary introduction to organic chemistry as well as a comprehensive study tool for working problems and/or preparing for exams. 2ChemistryaOrganic Chemistry aSimek, jan WilliamdSingh, Maya Shankar